| 000 | 00814cab a2200253 4500 | ||
|---|---|---|---|
| 001 | ABS58579 | ||
| 008 | 090401t1998 xxu||||| |||| 00| 0 eng d | ||
| 035 | _a(Sirsi) u85697 | ||
| 041 | _aeng | ||
| 100 | _aMorris, H. | ||
| 245 | _aHere it comes | ||
| 260 | _c1998 | ||
| 350 | _a0 | ||
| 490 |
_aInside Housing _v15(14) 9 April 1998, 16(1) |
||
| 520 | _aExamines the key concepts behind `best value` and the implications for housing associations. The Housing Corporation is in the process of developing an approach to `best value` which complements its own performance standards. | ||
| 650 | _aBENCHMARKING | ||
| 650 | _aBEST VALUE | ||
| 650 | _aHOUSING ASSOCIATIONS | ||
| 650 | _aHOUSING CORPORATION | ||
| 650 | _aPERFORMANCE STANDARDS | ||
| 690 | _aHOUSING | ||
| 942 | _n0 | ||
| 948 | _c21/04/1998 | ||
| 999 |
_c53906 _d53906 |
||